Science, technology and industry outlook drivers of growth

Salvato in:
Dettagli Bibliografici
Natura: Libro
Lingua:inglese
Pubblicazione: Paris OECD 2001
Serie:Science and innovation
Soggetti:
Tags: Aggiungi Tag
Nessun Tag, puoi essere il primo ad aggiungerne!!

MARC

LEADER 00000nam a2200000 4500
001 c129007
005 20221221091609.5
020 |a 92-64-19538-6 
041 0 |a eng 
044 |a FR 
245 1 0 |a Science, technology and industry outlook  |b drivers of growth 
264 1 |a Paris  |b OECD  |c 2001 
300 |a 127 s. 
490 1 |a Science and innovation 
830 0 |a Science and innovation 
610 2 0 |a veda 
610 2 0 |a technológia 
610 2 0 |a priemysel 
610 2 0 |a technológie informačné 
610 2 0 |a inovácia 
610 2 0 |a podnikanie 
610 2 0 |a pokrok vedeckotechnický 
610 2 0 |a rast hospodársky 
610 2 0 |a investície 
610 2 0 |a softvér 
610 2 0 |a telekomunikácie 
610 2 0 |a porovnanie medzinárodné 
610 2 0 |a ukazovatele 
610 2 0 |a svet 
610 2 0 |a OECD